000 00711nam a2200265Ia 4500
005 20260121165800.0
008 008 260114s9999 xx 000 0 eng d
020 _a9789811007132
037 _aEBOOK
040 _aCRL
040 _beng
040 _cCRL
041 _2eng
041 _aeng
084 _qCRL
100 _aDeb Keen, Hedda Meadan, Nancy C. Brady, James W. Halle
_91055977
245 0 _aPrelinguistic and Minimally Verbal Communicators on the Autism Spectrum
260 _bSpringer
260 _bSpringer
260 _c2016
856 _uhttps://link.springer.com/openurl?genre=book&isbn=978-981-10-0713-2
942 _cEBOOK
999 _c1621705
_d1621705